000 00384nam a2200169Ia 4500
005 20240823043609.0
008 240823s9999||||xx |||||||||||||| ||und||
041 _aENGLISH
082 _A813.5 m7
100 _aSrinivasan D K
245 0 _aAadum Madum
250 _a6th
260 _c1987
_bPadma Book
500 _aTRANSFERED
650 _aTamil Books
_bGeneral
942 _cBK
999 _c210594
_d210594